Edifici, architettura e luoghi (con foto) - Statistics

Statistiche generali
  • Questo quiz è stato fatto 62 volte
    48 dall'ultimo reset
  • Il punteggio medio è 47 su 117
Statistiche sulle risposte
con Immagini Risposta % Corretto
casa
100%
capanna
86%
grattacielo
86%
villa
84%
arco
76%
cancello
76%
castello
73%
chiesa
73%
condominio
73%
acquario
70%
ascensore
70%
moschea
70%
trullo
70%
diga
68%
fattoria
68%
garage
68%
acquedotto
65%
duomo
65%
giostra
65%
ospedale
62%
scuola
62%
porto
59%
aeroporto
57%
magazzino
57%
officina
57%
cattedrale
54%
centro commerciale
54%
montagne russe
54%
ruota panoramica
54%
scala mobile
54%
campana
51%
camper
51%
chiostro
51%
colonna
51%
galleria
51%
pozzo
51%
tenda
51%
casa sull'albero
49%
cuccia
49%
faro
49%
muro
49%
negozio
49%
cantiere
46%
capanno
46%
falegnameria
46%
portico
46%
rifugio
46%
serra
46%
ufficio
46%
appartamento
43%
cantina
43%
caserma
43%
fienile
43%
gazebo
43%
igloo
43%
mulino a vento
43%
mura
43%
roulotte
43%
casolare
41%
cupola
41%
fortezza
41%
mangiatoia
41%
municipio
41%
pala eolica
41%
traforo
41%
cava
38%
pollaio
38%
soffitta
38%
stazione ferroviaria
38%
funicolare
35%
mansarda
35%
recinzione
35%
albergo
32%
centrale nucleare
32%
scala
32%
stalla
32%
argine
30%
ostello
30%
sinagoga
30%
casa di riposo
27%
monastero
27%
capannone
24%
centrale idroelettrica
24%
chiosco
24%
cisterna
24%
pontile
24%
raffineria
24%
miniera
22%
scuderia
22%
stabilimento balneare
22%
steccato
22%
cascina
19%
iurta
19%
recinto
19%
abbazia
16%
bottega
16%
granaio
16%
molo
16%
negozio di giocattoli
16%
pergola
16%
cortile
14%
macello
14%
palazzina
14%
seminterrato
14%
catapecchia
11%
fabbrica tessile
11%
masseria
11%
negozio di elettrodomestici
11%
passerella
11%
tettoia
11%
serbatoio
8%
casa galeggiante
5%
casetta
5%
padiglione
5%
capannone industriale
3%
casa unifamiliare
3%
bottega di vasaio
0%
Nessun quiz corrispondente trovato
Distribuzione punteggi
Percentuale di utenti per punteggio
Percentile per numero di risposta
I tuoi punteggi nel tempo
Non hai fatto questo quiz dall'ultimo reset